000 00990nam a2200253 a 4500
003 AM-YEHGA
001 1708659
005 20250617164511.0
008 201006s1962 ru a|||frf||||000|0|rus|d
040 _aAM-YeHGA
041 0 _arus
100 1 _aЗахаров, Борис Петрович
245 1 0 _aМеталлы в машиностроении /
_cБ.П. Захаров ; Под ред. В. М. Горелова.
250 _a4-е изд.
260 _aМосква ;
_aСвердловск :
_bМашгиз [Урало-Сиб. отд-ние],
_c1962.
300 _a84 с. :
_bил. ;
_c20 см.
490 0 _aНаучно-популярная библиотека рабочего-станочника
_vВып. 1
504 _aБиблиогр.: с. 82-83
650 1 4 _aМеталловедение
650 1 4 _aМеталлы
_xМашиностроение
700 1 _aГорелов, В. М.
_eред.
_4edt
942 _2udc
_cBK
090 _c532528
999 _c525322
_d525322